01009nam a2200253Ia 4500001002600000003000900026008004100035040002300076041001300099100002500112245006100137250001500198260003900213300002700252490001000279501012400289520002700413700002000440700002400460942000700484957000600491999004200497952021600539920.945-DIZ bi it (12658)IT-MiSPE171229s9999||||xx |||||||||||||| ||und|| aIT-MiSPEcIT-MiSPE aITALIANO aFiorella Bartoccini  0aDizionario biografico degli italianib43. Enzo - Fabrizi a1a ed. (v) aRomabIst. Enc. It. Treccanic1993 aXV, 817 p. [v.]c25 cm v 43° aEdizioni San Paolo srl - Piazza Soncino, 5 - 20092 CINISELLO BALSAMO (MI) (non commercial uses only) ® Copyright 2018 a Mario Caravale (dir.) a Mario Caravale aFiorella Bartoccini cBK 71 a19219bNOg Copie: 1 c356334d356334 0010406920_000000000000000_945DIZ_BI_IT_1265871aCINISELLObCINISELLOd2017-12-30l0o920.945-DIZ bi it (12658)r2017-12-30 00:00:00w2017-12-30yBKz(data import: 20 dicembre 2017) - By Epidotti, Vaglietti.